[Event "39. Rilton Cup 2009/2010"]
[Site "Stockholm SWE"]
[Date "2010.01.03"]
[Round "7.13"]
[White "Semcesen, Daniel"]
[Black "Molchanova, Tatjana"]
[Result "1/2-1/2"]
[WhiteElo "2460"]
[BlackElo "2368"]
[PlyCount "94"]
[EventDate "2009.12.27"]
[EventType "swiss"]
[EventRounds "9"]
[EventCountry "SWE"]
[Source "lmi"]
[SourceDate "2009.12.27"]

1. c4 e5 2. Nc3 Bb4 3. Nd5 Bc5 4. Nf3 c6 5. Nc3 d6 6. d4 exd4 7. Nxd4 Qe7 8. g3
Nf6 9. Bg2 O-O 10. O-O Rd8 11. e4 Bg4 12. Qd2 Qd7 13. Nb3 Bb6 14. Re1 Bh3 15.
Na4 Bc7 16. Bh1 Na6 17. Qe2 Re8 18. Nc3 Ng4 19. Bg2 Bxg2 20. Kxg2 Bb6 21. f3
Ne5 22. Bf4 Qe6 23. Bxe5 dxe5 24. Na4 Rad8 25. Rad1 Qe7 26. a3 g6 27. Rxd8 Rxd8
28. Rd1 Rxd1 29. Qxd1 Bc7 30. Qd3 b6 31. Qd2 Nb8 32. Nc3 Nd7 33. Ne2 Qd6 34.
Qxd6 Bxd6 35. Nec1 f5 36. Nd3 Kf7 37. Kf2 Ke6 38. Ke3 Bf8 39. Ke2 Nf6 40. Nf2
h5 41. Kd3 Bh6 42. a4 Bf8 43. Ke2 Nd7 44. Nd3 Be7 45. Ke3 Bg5+ 46. Ke2 Be7 47.
Ke3 Bg5+ 1/2-1/2

[Event "39. Rilton Cup 2009/2010"]
[Site "Stockholm SWE"]
[Date "2010.01.03"]
[Round "7.14"]
[White "Gorovykh, Eduard"]
[Black "Akesson, Ralf"]
[Result "1-0"]
[WhiteElo "2410"]
[BlackElo "2454"]
[PlyCount "85"]
[EventDate "2009.12.27"]
[EventType "swiss"]
[EventRounds "9"]
[EventCountry "SWE"]
[Source "lmi"]
[SourceDate "2009.12.27"]

1. e4 c6 2. d4 d5 3. f3 e6 4. Nc3 b6 5. Bf4 Nf6 6. Nh3 Be7 7. Qd2 Ba6 8. O-O-O
Bxf1 9. Rhxf1 b5 10. Qd3 a5 11. Kb1 a4 12. g4 Nfd7 13. exd5 cxd5 14. Nxb5 O-O
15. c4 dxc4 16. Qxc4 Nb6 17. Qd3 Nd5 18. Nc3 Nc6 19. Nxd5 Qxd5 20. Qe4 Qb5 21.
Qd3 Qb6 22. Ng1 Nb4 23. Qd2 e5 24. Bxe5 Qg6+ 25. Ka1 Nc2+ 26. Kb1 Nb4+ 27. Ka1
Qe6 28. d5 Qxe5 29. a3 Na6 30. d6 Nc5 31. Qd5 Nb3+ 32. Ka2 Bf6 33. Qxe5 Bxe5
34. f4 Bf6 35. g5 Bd8 36. Ne2 Ba5 37. f5 Rfd8 38. Rd5 Nd2 39. Rc1 Ne4 40. d7
Nxg5 41. Nd4 Rf8 42. Rc8 Bb6 43. Nc6 1-0

[Event "39. Rilton Cup 2009/2010"]
[Site "Stockholm SWE"]
[Date "2010.01.03"]
[Round "7.15"]
[White "Niemi, Mikko"]
[Black "Ulibin, Mikhail"]
[Result "1-0"]
[WhiteElo "2219"]
[BlackElo "2548"]
[PlyCount "81"]
[EventDate "2009.12.27"]
[EventType "swiss"]
[EventRounds "9"]
[EventCountry "SWE"]
[Source "lmi"]
[SourceDate "2009.12.27"]

1. c4 c5 2. g3 Nc6 3. Bg2 g6 4. Nc3 Bg7 5. Nf3 e5 6. a3 a5 7. d3 Nge7 8. Nd2 d6
9. Nf1 O-O 10. Ne3 Kh8 11. O-O f5 12. Rb1 Nd4 13. b4 axb4 14. axb4 cxb4 15.
Rxb4 f4 16. Nc2 Nec6 17. Rb1 Nxc2 18. Qxc2 g5 19. Nb5 g4 20. Qd1 Rf6 21. Bb2
Rh6 22. Ra1 Rb8 23. d4 Qg5 24. d5 Nd8 25. Nc3 Bf5 26. Ra3 Rc8 27. c5 dxc5 28.
Qa1 f3 29. Bh1 fxe2 30. Nxe2 Qh5 31. h4 gxh3 32. Bf3 h2+ 33. Kh1 Qxf3+ 34. Rxf3
Be4 35. Kg2 Nf7 36. Nc3 Bxf3+ 37. Kxf3 Ng5+ 38. Kg2 Rf8 39. Rh1 Nf3 40. Ne4 c4
41. Qa3 1-0

[Event "39. Rilton Cup 2009/2010"]
[Site "Stockholm SWE"]
[Date "2010.01.03"]
[Round "7.17"]
[White "Nithander, Victor"]
[Black "Jacobsen, Bo"]
[Result "0-1"]
[WhiteElo "2434"]
[BlackElo "2306"]
[PlyCount "114"]
[EventDate "2009.12.27"]
[EventType "swiss"]
[EventRounds "9"]
[EventCountry "SWE"]
[Source "lmi"]
[SourceDate "2009.12.27"]

1. e4 e5 2. Nf3 Nc6 3. Bb5 Nf6 4. O-O d6 5. Re1 Bd7 6. c3 Be7 7. d4 O-O 8. Ba4
a5 9. a3 Rb8 10. Nbd2 b5 11. Bc2 h6 12. h3 a4 13. Nf1 Re8 14. Ng3 Bf8 15. Nh2
Na5 16. f4 Nc4 17. Rb1 c5 18. Nf3 cxd4 19. cxd4 exd4 20. Nxd4 d5 21. e5 Bc5 22.
Qd3 Ne4 23. Kh2 Qh4 24. Nxe4 Bxd4 25. Qg3 Qxg3+ 26. Nxg3 f6 27. Bg6 Re7 28. Ne2
Bf2 29. Rf1 Bb6 30. Nc3 Bc6 31. exf6 gxf6 32. b3 axb3 33. Rxb3 d4 34. Nd1 Re2
35. Rg3 Kh8 36. Bd3 Ra2 37. Rf2 Ra1 38. Rc2 Be8 39. Bf5 Bc7 40. Rf3 Bd6 41. Nf2
Bc6 42. Be4 d3 43. Rc3 d2 44. Bxd2 Nxd2 45. Rxc6 Nxf3+ 46. Kg3 Ng5 47. Rxd6
Nxe4+ 48. Nxe4 Rxa3+ 49. Kg4 b4 50. Nxf6 Ra7 51. Nd7 Rb5 52. f5 b3 53. Nf6 b2
54. Rd8+ Kg7 55. Ne8+ Kf7 56. Nd6+ Kf6 57. Nxb5 Ra4+ 0-1

[Event "39. Rilton Cup 2009/2010"]
[Site "Stockholm SWE"]
[Date "2010.01.03"]
[Round "7.18"]
[White "Ask, Josef"]
[Black "Cramling, Dan"]
[Result "0-1"]
[WhiteElo "2183"]
[BlackElo "2408"]
[PlyCount "46"]
[EventDate "2009.12.27"]
[EventType "swiss"]
[EventRounds "9"]
[EventCountry "SWE"]
[Source "lmi"]
[SourceDate "2009.12.27"]

1. d4 Nf6 2. Nf3 c5 3. d5 d6 4. Nc3 Qa5 5. Nd2 g6 6. e4 Bg7 7. Be2 a6 8. Nc4
Qc7 9. a4 b6 10. Ra3 O-O 11. O-O Nbd7 12. Rb3 Rb8 13. Bg5 Ne5 14. f4 Nxc4 15.
Bxc4 Ng4 16. Qe2 Ne3 17. Re1 Nxc4 18. Qxc4 b5 19. axb5 axb5 20. Rxb5 Bxc3 21.
bxc3 Ba6 22. Reb1 Rxb5 23. Rxb5 Qd7 0-1

[Event "39. Rilton Cup 2009/2010"]
[Site "Stockholm SWE"]
[Date "2010.01.03"]
[Round "7.20"]
[White "Satonen, Arto"]
[Black "Von Bahr, Oskar"]
[Result "1-0"]
[WhiteElo "2177"]
[BlackElo "2316"]
[PlyCount "51"]
[EventDate "2009.12.27"]
[EventType "swiss"]
[EventRounds "9"]
[EventCountry "SWE"]
[Source "lmi"]
[SourceDate "2009.12.27"]

1. e4 c5 2. d4 cxd4 3. c3 dxc3 4. Nxc3 e6 5. Nf3 d6 6. Bc4 a6 7. O-O Nc6 8. Qe2
Nf6 9. Rd1 Qc7 10. Be3 Be7 11. Rac1 O-O 12. Bb3 Ng4 13. Bd4 Nge5 14. Be3 Rb8
15. Na4 Nxf3+ 16. Qxf3 b5 17. Nc3 Qb7 18. Qg3 Rd8 19. Bf4 Qd7 20. e5 Bf8 21.
Ne4 Qb7 22. Nf6+ Kh8 23. Qh4 h6 24. Bxh6 gxf6 25. Bxf8+ Kg8 26. Qh6 1-0

[Event "39. Rilton Cup 2009/2010"]
[Site "Stockholm SWE"]
[Date "2010.01.03"]
[Round "7.21"]
[White "Vaarala, Eric"]
[Black "Kauppila, Osmo"]
[Result "0-1"]
[WhiteElo "2032"]
[BlackElo "2279"]
[PlyCount "82"]
[EventDate "2009.12.27"]
[EventType "swiss"]
[EventRounds "9"]
[EventCountry "SWE"]
[Source "lmi"]
[SourceDate "2009.12.27"]

1. e4 c5 2. Nf3 d6 3. d4 cxd4 4. Nxd4 Nf6 5. Nc3 g6 6. Be3 a6 7. f3 b5 8. Qd2
Bb7 9. a3 Nbd7 10. Nb3 Bg7 11. O-O-O Rc8 12. Bd4 Qc7 13. Kb1 Ne5 14. Qf2 O-O
15. Bb6 Qb8 16. Na5 Ba8 17. Nd5 Nxd5 18. exd5 Nd7 19. Be3 Qc7 20. Nb3 Nf6 21.
Bd3 Nxd5 22. Bc1 Qb6 23. Qe1 b4 24. a4 a5 25. h4 h6 26. h5 g5 27. Be4 e6 28. g3
Qc6 29. Rh2 Qxa4 30. f4 g4 31. f5 Qd7 32. Rf2 Nf6 33. Bxa8 Rxa8 34. fxe6 Qxe6
35. Qf1 Ne4 36. Rf4 f5 37. Qd3 a4 38. Nd2 a3 39. Rxe4 axb2 40. Nb3 bxc1=Q+ 41.
Kxc1 Qxe4 0-1

[Event "39. Rilton Cup 2009/2010"]
[Site "Stockholm SWE"]
[Date "2010.01.03"]
[Round "7.22"]
[White "Gagarin, Vasilij"]
[Black "Pohjala, Henri"]
[Result "1-0"]
[WhiteElo "2422"]
[BlackElo "2153"]
[PlyCount "69"]
[EventDate "2009.12.27"]
[EventType "swiss"]
[EventRounds "9"]
[EventCountry "SWE"]
[Source "lmi"]
[SourceDate "2009.12.27"]

1. d4 d5 2. c4 c6 3. Nf3 Nf6 4. e3 a6 5. Bd3 e6 6. b3 Nbd7 7. O-O Be7 8. Nbd2
c5 9. Bb2 b6 10. Qc2 h6 11. Rad1 Bb7 12. e4 dxe4 13. Nxe4 Qc7 14. Rfe1 O-O 15.
dxc5 bxc5 16. Qe2 Rad8 17. Bb1 Nxe4 18. Bxe4 Bxe4 19. Qxe4 Bf6 20. Bxf6 Nxf6
21. Qe2 Rxd1 22. Rxd1 Rd8 23. g3 Rxd1+ 24. Qxd1 Nd7 25. a3 Ne5 26. Nxe5 Qxe5
27. b4 g6 28. Qb1 Qc3 29. b5 axb5 30. cxb5 Qxa3 31. b6 Qa8 32. b7 Qb8 33. Qb5
Kg7 34. Kf1 h5 35. h4 1-0

[Event "39. Rilton Cup 2009/2010"]
[Site "Stockholm SWE"]
[Date "2010.01.03"]
[Round "7.23"]
[White "Wiander, Michael"]
[Black "Lindberg, Bengt"]
[Result "1/2-1/2"]
[WhiteElo "2195"]
[BlackElo "2407"]
[PlyCount "100"]
[EventDate "2009.12.27"]
[EventType "swiss"]
[EventRounds "9"]
[EventCountry "SWE"]
[Source "lmi"]
[SourceDate "2009.12.27"]

1. e4 c5 2. d3 Nc6 3. g3 g6 4. Bg2 Bg7 5. f4 d6 6. Nf3 Rb8 7. O-O b5 8. Nbd2
Nf6 9. c3 O-O 10. Qe2 d5 11. e5 Ne8 12. d4 b4 13. Nb3 bxc3 14. bxc3 cxd4 15.
cxd4 Nc7 16. Nc5 Nb5 17. Be3 Na3 18. Bf2 Nb4 19. Rfc1 Bf5 20. Ne1 Qa5 21. g4
Bc8 22. h3 e6 23. Bh4 Re8 24. Qf2 Nc4 25. Bf6 Qa3 26. Nc2 Nxc2 27. Rxc2 Bf8 28.
Re1 Rb5 29. Rxc4 dxc4 30. Bc6 Rxc5 31. Bxe8 c3 32. Qc2 Rc4 33. Rd1 Bb7 34. f5
Qa6 35. fxg6 hxg6 36. Qf2 Rc7 37. Qh4 Bg7 38. Bxg7 Kxg7 39. Qf6+ Kg8 40. Rf1
Qxf1+ 41. Qxf1 c2 42. Qc1 Rc3 43. Ba4 Rxh3 44. Qxc2 Rh1+ 45. Kf2 Rh2+ 46. Ke3
Rxc2 47. Bxc2 g5 48. Be4 Ba6 49. d5 exd5 50. Bxd5 Bc8 1/2-1/2

[Event "39. Rilton Cup 2009/2010"]
[Site "Stockholm SWE"]
[Date "2010.01.03"]
[Round "7.26"]
[White "Bryntze, Stefan"]
[Black "Gromova, Iulia"]
[Result "1-0"]
[WhiteElo "2073"]
[BlackElo "2222"]
[PlyCount "89"]
[EventDate "2009.12.27"]
[EventType "swiss"]
[EventRounds "9"]
[EventCountry "SWE"]
[Source "lmi"]
[SourceDate "2009.12.27"]

1. f4 d5 2. e3 Nf6 3. Nf3 Bg4 4. b3 Nbd7 5. Bb2 c6 6. Be2 Qc7 7. Ne5 Bxe2 8.
Qxe2 g6 9. d3 Bg7 10. Nd2 O-O 11. g4 a5 12. h4 Ne8 13. Qh2 Nxe5 14. fxe5 h6 15.
Nf3 f5 16. gxf5 Rxf5 17. Ke2 c5 18. Qg3 Ra6 19. Qg4 h5 20. Qa4 Qc8 21. c4 d4
22. exd4 cxd4 23. c5 Rxf3 24. Kxf3 Bxe5 25. Rag1 Qf5+ 26. Ke2 Ng7 27. Rg5 Qf6
28. Rf1 Bf4 29. Kd1 e5 30. Qc4+ Kh7 31. Bc1 Nf5 32. Qd5 Re6 33. Bxf4 exf4 34.
Rxf5 gxf5 35. Rxf4 Kg6 36. Rxd4 f4 37. Qxe6 Qxe6 38. Rd6 Kf5 39. Rxe6 Kxe6 40.
Ke2 Kd5 41. Kf3 Ke5 42. a3 Kd4 43. b4 a4 44. Kxf4 Kc3 45. b5 1-0

[Event "39. Rilton Cup 2009/2010"]
[Site "Stockholm SWE"]
[Date "2010.01.03"]
[Round "7.27"]
[White "Mardell, Jimmy"]
[Black "Kopasov, Alexander"]
[Result "0-1"]
[WhiteElo "2182"]
[BlackElo "2221"]
[PlyCount "70"]
[EventDate "2009.12.27"]
[EventType "swiss"]
[EventRounds "9"]
[EventCountry "SWE"]
[Source "lmi"]
[SourceDate "2009.12.27"]

1. e4 c5 2. Nf3 Nf6 3. Nc3 Nc6 4. d4 d5 5. exd5 Nxd5 6. dxc5 Nxc3 7. Qxd8+ Nxd8
8. bxc3 f6 9. Be3 e5 10. Nd2 Be6 11. Bb5+ Kf7 12. O-O Rc8 13. Nb3 a6 14. Be2
Nc6 15. Rfd1 Be7 16. Rab1 f5 17. f4 e4 18. h3 Rhg8 19. Kh1 g6 20. Nd4 Na5 21.
Nxe6 Kxe6 22. Rxb7 Bxc5 23. Rbd7 Be7 24. Bxa6 Rxc3 25. Bf2 Rxc2 26. Bh4 Re8 27.
a4 h6 28. Bb5 g5 29. Ra7 Rd8 30. Bd7+ Rxd7 31. Rdxd7 Bc5 32. Be1 Rc1 33. Rac7
Rxe1+ 34. Kh2 Bg1+ 35. Kg3 Re3# 0-1

[Event "39. Rilton Cup 2009/2010"]
[Site "Stockholm SWE"]
[Date "2010.01.03"]
[Round "7.28"]
[White "Koskela, Niina"]
[Black "Grochowalski, Pawel"]
[Result "1-0"]
[WhiteElo "2189"]
[BlackElo "2072"]
[PlyCount "97"]
[EventDate "2009.12.27"]
[EventType "swiss"]
[EventRounds "9"]
[EventCountry "SWE"]
[Source "lmi"]
[SourceDate "2009.12.27"]

1. e4 c5 2. Nf3 Nc6 3. Bb5 g6 4. Bxc6 dxc6 5. d3 Bg7 6. h3 Nh6 7. O-O f6 8. e5
O-O 9. Nc3 Nf5 10. Ne4 b6 11. exf6 exf6 12. Bd2 Be6 13. Re1 Qd7 14. a4 a5 15.
b3 Nd6 16. Nxd6 Qxd6 17. Bc3 Rfe8 18. Nd2 Bd5 19. Nc4 Qc7 20. Qd2 Kf7 21. Rad1
Rxe1+ 22. Rxe1 Re8 23. Rxe8 Kxe8 24. Qe3+ Kf7 25. Nd2 Qd6 26. Ne4 Bxe4 27. Qxe4
f5 28. Qe1 Bxc3 29. Qxc3 Qd4 30. Qe1 Qb2 31. Qd2 Qa1+ 32. Kh2 Qe5+ 33. g3 Qd4
34. Kg2 Qd5+ 35. Kg1 Qd4 36. Qh6 Qg7 37. Qf4 Qc3 38. Qc7+ Kg8 39. Qxb6 Qxc2 40.
Qxa5 Qxb3 41. Qa6 Kg7 42. a5 f4 43. gxf4 Qc3 44. Kg2 Qd2 45. Qa7+ Kg8 46. Qxc5
Qxd3 47. Qxc6 Qd2 48. a6 Qxf4 49. Qd5+ 1-0

[Event "39. Rilton Cup 2009/2010"]
[Site "Stockholm SWE"]
[Date "2010.01.03"]
[Round "7.29"]
[White "Nguyen, Michael"]
[Black "Lokander, Martin"]
[Result "1/2-1/2"]
[WhiteElo "2187"]
[BlackElo "1820"]
[PlyCount "37"]
[EventDate "2009.12.27"]
[EventType "swiss"]
[EventRounds "9"]
[EventCountry "SWE"]
[Source "lmi"]
[SourceDate "2009.12.27"]

1. d4 Nf6 2. c4 e6 3. g3 Bb4+ 4. Nd2 c5 5. a3 Bxd2+ 6. Qxd2 cxd4 7. Nf3 Nc6 8.
Nxd4 Qb6 9. Nb5 O-O 10. Qe3 d5 11. Qxb6 axb6 12. cxd5 Nxd5 13. Bg2 Ra5 14. Nc3
Nd4 15. Rb1 Nxc3 16. bxc3 Nc2+ 17. Kf1 Rd8 18. e3 Nxa3 19. Bxa3 1/2-1/2

[Event "39. Rilton Cup 2009/2010"]
[Site "Stockholm SWE"]
[Date "2010.01.03"]
[Round "7.30"]
[White "Vovk, Oksana"]
[Black "Evertsson, Lennart"]
[Result "0-1"]
[WhiteElo "2145"]
[BlackElo "2159"]
[PlyCount "76"]
[EventDate "2009.12.27"]
[EventType "swiss"]
[EventRounds "9"]
[EventCountry "SWE"]
[Source "lmi"]
[SourceDate "2009.12.27"]

1. d4 Nf6 2. c4 c5 3. d5 e6 4. Nc3 exd5 5. cxd5 d6 6. Nf3 g6 7. h3 Bg7 8. Bf4
O-O 9. e3 Na6 10. Nd2 Nc7 11. Nc4 Nfe8 12. a4 f5 13. Be2 b6 14. O-O Bb7 15. Bf3
Ba6 16. Qd3 Qf6 17. Rac1 Rb8 18. Rc2 Bc8 19. Rb1 Na6 20. Na2 h5 21. Bh2 Rf7 22.
b4 cxb4 23. Nxb4 Nxb4 24. Rxb4 Ba6 25. Rb1 Rc8 26. Qb3 Rfc7 27. Be2 Rc5 28.
Rbc1 Kh7 29. f3 Qe7 30. Bg3 Bb7 31. e4 Bd4+ 32. Kh2 h4 33. Bf4 fxe4 34. fxe4
Qxe4 35. Qf3 Bxd5 36. Qxe4 Bxe4 37. Rd2 Bg7 38. Be3 R5c6 0-1

[Event "39. Rilton Cup 2009/2010"]
[Site "Stockholm SWE"]
[Date "2010.01.03"]
[Round "7.31"]
[White "Jacobsen, Kovachev Daniel"]
[Black "Svensson, Leif"]
[Result "1-0"]
[WhiteElo "2243"]
[BlackElo "2195"]
[PlyCount "57"]
[EventDate "2009.12.27"]
[EventType "swiss"]
[EventRounds "9"]
[EventCountry "SWE"]
[Source "lmi"]
[SourceDate "2009.12.27"]

1. d4 d5 2. c4 Bf5 3. cxd5 Bxb1 4. Qa4+ c6 5. dxc6 Nxc6 6. Rxb1 e5 7. Bd2 exd4
8. g3 g6 9. Bg2 Nge7 10. Nh3 Bg7 11. Nf4 O-O 12. O-O Rb8 13. b4 b5 14. Qa6 Qb6
15. Qxb6 Rxb6 16. Rfc1 Ne5 17. Nd5 Nxd5 18. Bxd5 Rd8 19. Bb3 d3 20. Kf1 dxe2+
21. Kxe2 Rc6 22. Be3 Rdc8 23. Rxc6 Nxc6 24. Rd1 Rc7 25. f4 Bc3 26. Rd5 Re7 27.
Kf3 Nxb4 28. Rd8+ Kg7 29. Bc5 1-0

[Event "39. Rilton Cup 2009/2010"]
[Site "Stockholm SWE"]
[Date "2010.01.03"]
[Round "7.32"]
[White "Rosenkilde, Alexander"]
[Black "Adahl, Mattias"]
[Result "1-0"]
[WhiteElo "2201"]
[BlackElo "2133"]
[PlyCount "80"]
[EventDate "2009.12.27"]
[EventType "swiss"]
[EventRounds "9"]
[EventCountry "SWE"]
[Source "lmi"]
[SourceDate "2009.12.27"]

1. d4 d5 2. c4 c6 3. Nf3 Nf6 4. e3 e6 5. b3 Be7 6. Bd3 O-O 7. O-O Nbd7 8. Bb2
Ne4 9. Qc2 f5 10. Ne5 Rf6 11. f3 Nd6 12. Nc3 Rh6 13. Nxd7 Bxd7 14. e4 dxc4 15.
bxc4 b5 16. c5 Ne8 17. Rad1 Qc7 18. g3 f4 19. e5 fxg3 20. hxg3 g5 21. Bc1 Ng7
22. Ne4 Qd8 23. f4 g4 24. f5 Rh3 25. f6 Be8 26. Qf2 Nf5 27. fxe7 Qxe7 28. Kg2
Bg6 29. Rh1 Qd8 30. Rxh3 gxh3+ 31. Kxh3 Qa5 32. g4 Qa4 33. Nc3 Qxd4 34. Qxd4
Nxd4 35. Bxg6 Nf3 36. Bf7+ Kg7 37. Bxe6 Nxe5 38. Bf4 Ng6 39. Bg5 Ne5 40. Rf1
Kg6 1-0

[Event "39. Rilton Cup 2009/2010"]
[Site "Stockholm SWE"]
[Date "2010.01.03"]
[Round "7.33"]
[White "Hobber, Anders"]
[Black "Janse, Love"]
[Result "1-0"]
[WhiteElo "2132"]
[BlackElo "2141"]
[PlyCount "69"]
[EventDate "2009.12.27"]
[EventType "swiss"]
[EventRounds "9"]
[EventCountry "SWE"]
[Source "lmi"]
[SourceDate "2009.12.27"]

1. b3 d6 2. Bb2 e5 3. g3 f5 4. Bg2 Nf6 5. e3 g6 6. Ne2 Bg7 7. O-O O-O 8. c4 Nc6
9. Nbc3 Ne7 10. d4 e4 11. d5 g5 12. f3 exf3 13. Bxf3 Ng6 14. Nd4 Ne5 15. Qc2
Nxf3+ 16. Nxf3 Ng4 17. Rae1 Bd7 18. Nd1 Ne5 19. Nxe5 Bxe5 20. Bxe5 dxe5 21. Nc3
Qf6 22. c5 Qg7 23. Qg2 Rf6 24. d6 Bc6 25. Nd5 Rf7 26. dxc7 f4 27. e4 Raf8 28.
Qh3 g4 29. Qh4 Bxd5 30. exd5 f3 31. Re4 f2+ 32. Kg2 h5 33. Qxh5 Qf6 34. Qxg4+
Kh7 35. Qh4+ 1-0

[Event "39. Rilton Cup 2009/2010"]
[Site "Stockholm SWE"]
[Date "2010.01.04"]
[Round "8.1"]
[White "Wojtaszek, Radoslaw"]
[Black "Ponkratov, Pavel"]
[Result "1/2-1/2"]
[WhiteElo "2637"]
[BlackElo "2575"]
[PlyCount "129"]
[EventDate "2009.12.27"]
[EventType "swiss"]
[EventRounds "9"]
[EventCountry "SWE"]
[Source "lmi"]
[SourceDate "2009.12.27"]

1. d4 Nf6 2. c4 e6 3. Nc3 c5 4. d5 exd5 5. cxd5 g6 6. e4 d6 7. Nge2 Bg7 8. Ng3
a6 9. a4 h5 10. Be2 h4 11. Nf1 Nbd7 12. Ne3 Nh5 13. Bxh5 Rxh5 14. Nf5 Bf8 15.
O-O Rb8 16. Qe2 Nf6 17. Ne3 Bg7 18. Nc4 Kf8 19. Bf4 Ne8 20. a5 Qf6 21. Qf3 Bd7
22. Rfe1 Qe7 23. h3 Rd8 24. Rad1 Bb5 25. Ne3 Nf6 26. Ng4 Nxg4 27. hxg4 Rh8 28.
e5 dxe5 29. d6 Rxd6 30. Rxd6 Qxd6 31. Nxb5 axb5 32. Qxb7 Bf6 33. g5 exf4 34.
gxf6 Qxf6 35. a6 Kg7 36. a7 Qd8 37. Re7 Rf8 38. Rd7 Qe8 39. Re7 Qd8 40. Rd7 Qe8
41. a8=Q Qxa8 42. Rxf7+ Kh6 43. Rh7+ Kg5 44. Qe7+ Rf6 45. Qxc5+ Rf5 46. Qe7+
Rf6 47. Qe5+ Rf5 48. Qe1 Qc6 49. f3 Qc5+ 50. Kh2 Kf6 51. Qe8 Kg5 52. Qe1 Kf6
53. b4 Qd6 54. Qe8 Kg5 55. Qh8 Qf6 56. Qc8 Qd6 57. Qg8 Qf8 58. Qe6 Qxb4 59. Rg7
Rf6 60. Qg4+ Kh6 61. Qd7 Rf5 62. Rh7+ Kg5 63. Qd8+ Rf6 64. Qd5+ Rf5 65. Qd8+
1/2-1/2

[Event "39. Rilton Cup 2009/2010"]
[Site "Stockholm SWE"]
[Date "2010.01.04"]
[Round "8.3"]
[White "Rozentalis, Eduardas"]
[Black "Ivanov, Sergey"]
[Result "1-0"]
[WhiteElo "2611"]
[BlackElo "2530"]
[PlyCount "85"]
[EventDate "2009.12.27"]
[EventType "swiss"]
[EventRounds "9"]
[EventCountry "SWE"]
[Source "lmi"]
[SourceDate "2009.12.27"]

1. d4 e6 2. Nf3 Nf6 3. Bg5 c5 4. e3 h6 5. Bh4 b6 6. Nbd2 cxd4 7. exd4 Bb7 8.
Bd3 Be7 9. Bxf6 Bxf6 10. Qe2 Nc6 11. c3 Be7 12. O-O O-O 13. Rae1 Qc7 14. Nc4 b5
15. Ne3 b4 16. d5 Ne5 17. Nxe5 Qxe5 18. Nf5 Qf6 19. c4 Bc5 20. Ng3 exd5 21.
cxd5 g6 22. Bc4 Qf4 23. Qe4 Bd6 24. Qxf4 Bxf4 25. Re7 Rfd8 26. d6 Rf8 27. Rd1
Rac8 28. b3 Bc6 29. Ne4 Kg7 30. h4 h5 31. Ng5 Bxg5 32. hxg5 a6 33. Rd4 Bb5 34.
Bxb5 axb5 35. Rxd7 Rc1+ 36. Kh2 Rc2 37. Re7 Rxa2 38. d7 Raa8 39. Rxb4 Rab8 40.
Rf4 b4 41. Kg3 Kg8 42. Kf3 Rb5 43. Rexf7 1-0

[Event "39. Rilton Cup 2009/2010"]
[Site "Stockholm SWE"]
[Date "2010.01.04"]
[Round "8.4"]
[White "Lysyj, Igor"]
[Black "Shimanov, Aleksandr"]
[Result "1-0"]
[WhiteElo "2609"]
[BlackElo "2535"]
[PlyCount "131"]
[EventDate "2009.12.27"]
[EventType "swiss"]
[EventRounds "9"]
[EventCountry "SWE"]
[Source "lmi"]
[SourceDate "2009.12.27"]

1. d4 Nf6 2. Nf3 e6 3. c4 d5 4. Nc3 Bb4 5. Bg5 Nbd7 6. cxd5 exd5 7. Rc1 h6 8.
Bh4 c6 9. e3 Qa5 10. Nd2 Bxc3 11. bxc3 Qxa2 12. Bd3 O-O 13. O-O Re8 14. c4 Qa3
15. Bb1 b6 16. Re1 Ba6 17. e4 dxe4 18. Nxe4 Nxe4 19. Bxe4 Bb7 20. Re3 Qd6 21.
Bg3 Qb4 22. c5 Rad8 23. Rb3 Qxb3 24. Bh7+ Kxh7 25. Qxb3 Re6 26. h3 Rde8 27. Kh2
Bc8 28. Bd6 Nf6 29. Qa4 b5 30. Qxa7 Re2 31. d5 Nxd5 32. Qxf7 Nf6 33. Bg3 Be6
34. Qb7 Bd5 35. Rd1 R8e6 36. Rd4 Ne4 37. Rxd5 Nxg3 38. Rd6 Nf1+ 39. Kg1 Re1 40.
g4 R6e2 41. Kg2 Ne3+ 42. Kg3 Nf1+ 43. Kh4 Re7 44. Rd7 Rxd7 45. Qxd7 b4 46. Qd3+
Kh8 47. g5 hxg5+ 48. Kh5 Nh2 49. Qd6 Kh7 50. Qxh2 b3 51. f3 Rd1 52. Qe2 g6+ 53.
Kxg5 Rd5+ 54. Kg4 Rd4+ 55. f4 Rb4 56. Qe7+ Kh6 57. Qf8+ Kh7 58. Qf7+ Kh6 59.
Qg8 g5 60. Qxg5+ Kh7 61. Qe7+ Kg6 62. Qe6+ Kg7 63. Kg5 Rb7 64. Qxc6 Rb4 65.
Qd7+ Kf8 66. Kg6 1-0

[Event "39. Rilton Cup 2009/2010"]
[Site "Stockholm SWE"]
[Date "2010.01.04"]
[Round "8.5"]
[White "Miezis, Normunds"]
[Black "Ionov, Sergey"]
[Result "1/2-1/2"]
[WhiteElo "2530"]
[BlackElo "2545"]
[PlyCount "96"]
[EventDate "2009.12.27"]
[EventType "swiss"]
[EventRounds "9"]
[EventCountry "SWE"]
[Source "lmi"]
[SourceDate "2009.12.27"]

1. c4 e6 2. e4 c5 3. Nc3 Nc6 4. d3 Nf6 5. f4 d5 6. e5 d4 7. Nb1 Nd7 8. Nf3 f6
9. Qe2 Qc7 10. g3 fxe5 11. Bh3 Bd6 12. O-O Nf6 13. fxe5 Nxe5 14. Bg5 O-O 15.
Nxe5 Bxe5 16. Nd2 Kh8 17. Rae1 Bd6 18. Ne4 Nxe4 19. Rxf8+ Bxf8 20. Qxe4 Bd7 21.
Rf1 Bd6 22. Rf7 Rf8 23. Rxf8+ Bxf8 24. Bxe6 Bd6 25. Bd5 b6 26. Qf3 Qc8 27. Be4
Be6 28. b3 Qd7 29. Qh5 Bg8 30. Bd2 Qf7 31. Qg5 h6 32. Qd8 Qc7 33. Qe8 Qf7 34.
Qa8 Qc7 35. Kg2 Qb8 36. Qxb8 Bxb8 37. b4 g5 38. Kf3 Kg7 39. bxc5 bxc5 40. h4
Kf6 41. Kg4 Be6+ 42. Kh5 Bxg3 43. hxg5+ hxg5 44. Bxg5+ Ke5 45. Be7 Bxc4 46.
Bxc5 Bxa2 47. Bxa7 Bf2 48. Bb8+ Ke6 1/2-1/2

[Event "39. Rilton Cup 2009/2010"]
[Site "Stockholm SWE"]
[Date "2010.01.04"]
[Round "8.7"]
[White "Gleizerov, Evgeny"]
[Black "Karlsson, Lars"]
[Result "1-0"]
[WhiteElo "2566"]
[BlackElo "2491"]
[PlyCount "71"]
[EventDate "2009.12.27"]
[EventType "swiss"]
[EventRounds "9"]
[EventCountry "SWE"]
[Source "lmi"]
[SourceDate "2009.12.27"]

1. d4 d6 2. Nf3 Bg4 3. c4 c6 4. e4 Nd7 5. Be2 e6 6. Nc3 Be7 7. Ng1 Bxe2 8.
Ngxe2 Ngf6 9. O-O O-O 10. Ng3 Re8 11. f4 e5 12. fxe5 dxe5 13. d5 cxd5 14. cxd5
b5 15. Qf3 b4 16. Nd1 g6 17. Bg5 Kh8 18. Ne3 Ng8 19. Bxe7 Rxe7 20. Rac1 f6 21.
Rf2 Nb6 22. Rc6 Rc8 23. Rxf6 Nxf6 24. Qxf6+ Rg7 25. Qxe5 Nd7 26. Qf4 Qe7 27.
Ng4 Rf8 28. Qc7 Rxf2 29. Nxf2 Rf7 30. Nd3 Qg5 31. Qxa7 Qd2 32. Qd4+ Ne5 33.
Qxe5+ Kg8 34. h4 Qxd3 35. Kh2 Qd1 36. Qg5 1-0

[Event "39. Rilton Cup 2009/2010"]
[Site "Stockholm SWE"]
[Date "2010.01.04"]
[Round "8.8"]
[White "Cramling, Pia"]
[Black "Brynell, Stellan"]
[Result "0-1"]
[WhiteElo "2525"]
[BlackElo "2472"]
[PlyCount "68"]
[EventDate "2009.12.27"]
[EventType "swiss"]
[EventRounds "9"]
[EventCountry "SWE"]
[Source "lmi"]
[SourceDate "2009.12.27"]

1. d4 e6 2. c4 Nf6 3. Nf3 b6 4. a3 Ba6 5. Qb3 d5 6. cxd5 Qxd5 7. Qxd5 exd5 8.
Nc3 c6 9. g3 Nbd7 10. Bf4 Be7 11. Rc1 O-O 12. Bh3 h6 13. Nh4 Rfe8 14. Nf5 Bf8
15. O-O Bxe2 16. Nxe2 Rxe2 17. Rxc6 Rxb2 18. Bd6 Rd2 19. Rc7 Bxd6 20. Nxd6 Nf8
21. Re1 Ng6 22. Bf5 Rxd4 23. Bxg6 fxg6 24. Ree7 Nh5 25. f3 Rf8 26. Nf7 Rc4 27.
Rxa7 Rfc8 28. Kg2 g5 29. Kh3 Rc2 30. Ne5 Kh7 31. Rab7 Rb2 32. Rbd7 Rcc2 33. Ng4
Rc3 34. Rf7 Nf4+ 0-1